00228nam a2200097Ia 4500100002800000654001300028245003700041260003100078300000900109546001200118 aSalas/ S.L./ Hille/ E.  aCalculus aCalculus one & several variables bJohn wileyaNew Yorkc1990 a1094 aENGLISH